00485nam a2200157Ia 4500008004100000041000800041082001500049100001900064245002000083250001400103260002800117300003200145365000700177999001500184952012800199240624s9999 xx 000 0 und d aeng a808.51 OSB aOSBORN MICHAEL aPUBLIC SPEAKING a(4th ed.) c2000aDelhibA.I.T.B.S. axxii, : 513 : p. : cm. ; 25 cRS c1490d1490 00104070aIMTNbIMTNcRack 38-Ad2004-12-08eAITBSg250.00n238o808.51 OSBp1490r2024-06-24 00:00:00t1w2024-06-24yBK